000 00780pam a2200265 a 4500
999 _c4870
_d4870
003 OSt
005 20220330093525.0
008 850418s1986 njuk b 001 0 eng c
020 _a0139018441 :
040 _cDLC
050 0 0 _aRC424
_b.H23 1986
060 _aWM 475 H196t
100 1 _aHam, Richard,
_d1931-
245 1 0 _aTechniques of stuttering therapy /
_cRichard Ham.
260 _aEnglewood Cliffs, N.J. :
_bPrentice-Hall,
_cc1986.
300 _avii, 375 p. :
_bforms ;
_c24 cm.
500 _aIncludes index.
504 _aBibliography: p. 351-369.
650 0 _aStuttering
_xTreatment.
650 0 _aSpeech therapy.
650 2 _aSpeech Therapy
_xmethods.
650 2 _aStuttering
_xtherapy.
906 _a7
_bcbc
_corignew
_d1
_eocip
_f19
_gy-gencatlg
942 _2lcc
_cBK